Marki Tramwajów - Statystyki

Ogólne statystyki
  • Ten quiz został rozwiązany 38 razy
  • Średni wynik to 4 z 6
Statystyki odpowiedzi
Obrazkowy Odpowiedź % Poprawnych
Solaris
85%
Pesa
81%
Konstal
74%
Moderus
59%
Duewag
48%
Alstom
26%
Nie znaleziono quizów pasujących do podanych kryteriów
Rozkład punktacji
Procent ludzi z każdym wynikiem
Percentyl według liczby udzielonych odpowiedzi
Twoja historia wyników
Nie rozwiązałeś tego quizu